| 000 | 01082nmm a2200409 a 4500 | ||
|---|---|---|---|
| 003 | AR-BaBNM | ||
| 005 | 20251128205455.0 | ||
| 008 | 317119s1996 ||||||||||||||000 | spa|| | ||
| 020 | _a950-20-0960-6 | ||
| 040 | _cAR-BaBNM | ||
| 100 | 1 | _aGarrone, José Alberto | |
| 245 | 1 | 0 | _aManual de derecho comercial |
| 250 | _a2ª ed. aum. y corr. | ||
| 260 |
_aBuenos Aires _bAbeledo-Perrot _c1996 |
||
| 300 | 0 | _a1163 p. | |
| 500 | 0 | _aIndice alfabético p. 1121-1127 | |
| 500 | 0 | _aIndice general p. 1129-1163 | |
| 504 | _aBibliografía y notas a pie de página | ||
| 650 | 4 | _aDERECHO COMERCIAL | |
| 650 | 4 | _aHISTORIA DEL DERECHO | |
| 650 | 4 | _aCOMERCIO | |
| 650 | 4 | _aEMPRESAS | |
| 650 | 4 | _aPROPIEDAD INTELECTUAL | |
| 650 | 4 | _aCOMERCIANTES | |
| 650 | 4 | _aOBLIGACIONES | |
| 650 | 4 | _aSOCIEDADES | |
| 650 | 4 | _aCONTRATOS | |
| 650 | 4 | _aESTADO | |
| 650 | 4 | _aMERCADOS FINANCIEROS | |
| 650 | 4 | _aRESPONSABILIDAD LEGAL | |
| 650 | 4 | _aCODIGOS | |
| 650 | 4 | _aSEGUROS | |
| 653 | 0 | _aMERCOSUR | |
| 700 | 1 | _aCastro Sammartino, Mario E. | |
| 942 | _cBK | ||
| 998 | _cAndrea | ||
| 999 |
_c11545 _d11545 |
||